000 00761nam a2200205Ii 4500
003 JO-AjNU
008 230605s9999||||xx |||||||||||||| ||und||
040 _aJO-AjNU
_bara
_erda
_cJO-AjNU
041 _aara
050 1 4 _aHM19 .K4 1993
100 3 _aتأليف الخشاب، مصطفى,
_eauthor
_936295
245 0 0 _aعلم الاجتماع ومدارسه : المدخل الى علم الاجتماع، ج2
250 _aط5
264 3 1 _aالقاهرة: مكتبة الانجلو المصرية، 1993
300 _aج2، 439ص
_bيحتوي على ببلوغرافية من 435-439ص
336 _atext
_btxt
_2rdacontent
337 _aunmediated
_bn
_2rdamedia
338 _avolume
_bnc
_2rdacarrier
650 4 _aعلم اجتماع - مدارس
_936296
999 _aA15066
_c18634
_d18634